| 000 | 00387cam a2200145ua 4500 | ||
|---|---|---|---|
| 041 |
_aeng _h |
||
| 082 |
_a828.09 _bBUT/AR |
||
| 100 | _aButcher, . | ||
| 245 |
_aAristories theory of poetry and fine ant: with a critical text and / _cButcher. _hTextual Documents |
||
| 260 |
_a : _bIyall book depot , _c1967. |
||
| 300 | _a421 ; . | ||
| 504 | _a | ||
| 942 | _cBK | ||
| 999 |
_c12301 _d12301 |
||